| 000 | 00816nam0a22002411 4500 | ||
|---|---|---|---|
| 001 | v19\rc\2078131 | ||
| 005 | 20250620032405.0 | ||
| 035 | _a(NLR Aleph) 005149214 | ||
| 090 |
_a4883508 _c4883508 |
||
| 100 | _a20081218d1910 |||y0rusy50 ca | ||
| 101 | 0 | _arus | |
| 102 | _aRU | ||
| 105 | _ab z ||||| | ||
| 200 | 1 |
_aИркутская губерния _e(Сведения для ходоков и переселенцев) _fСост. А. Шевкунов |
|
| 210 |
_aПолтава _cБюро. зем. переселенческой организации _d1910 |
||
| 215 |
_a20 с., 1 л. карт. _d22 |
||
| 700 | 1 |
_aШевкунов _bА. _4220 |
|
| 702 | 1 |
_aШевкунов _bА. _4220 |
|
| 801 | 0 |
_aRU _bNLR _gpsbo |
|
| 801 | 1 |
_aRU _bProSoft-M _2rusmarc |
|
| 852 |
_aNLR _bЗем _jО/88 |
||
| 942 | _cBOOK | ||
| 980 | _aNB | ||